• 首页
  • 本馆介绍
  • 公告通知
  • 最新文献
  • 馆藏检索
  • 电子资源
  • 读者导购
  • 参考咨询
  • 我的图书馆
  • 登录
  • 详细信息显示
  • 放入我的书架
  • 预约/预借图书
  • 作者相关作品
  • 分类相关作品
  • 丛书相关作品
  • 出版社相关作品

书目信息

  • 表格格式
  • 工作单格式
  • 卡片格式
题名:
动植物检验检疫学
    
 
作者: 励建荣 主编
分册:  
出版信息: 北京   科学出版社  2018.01
页数: 337页
开本: 26cm
丛书名:
单 册:
中图分类: S851.34 , S41
科图分类:
主题词: 动物检疫--教材 , 植物检疫--教材
电子资源:
ISBN: 978-7-03-052725-7
000 01281nam0 2200277 450
001 4489
005 20181012101616.60
010    @a978-7-03-052725-7@dCNY68.00
100    @a20180513d2018 em y0chiy50 ea
101 0  @achi
102    @aCN@b110000
105    @aa z 000yy
200 1  @a动植物检验检疫学@9dong zhi wu jian yan jian yi xue@f励建荣主编
210    @a北京@c科学出版社@d2018.01
215    @a337页@c图@d26cm
300    @a食品科学与工程类系列规划教材 中国科学院科学出版社基金资助项目
312    @a封面英文题名:Inspection & quarantine science of animal & plant
330    @a本书分为动物检验检疫和植物检验检疫两部分。动物检验检疫的主要内容包括:动物检验检疫概述、进出境动物和动物产品检验检疫工作程序、动物检验检疫技术、动物传染病检疫技术、肉品检验检疫技术、水产品检验检疫技术、乳品检验检疫技术、蛋品检验检疫技术、动物性产品中药物残留检验技术。植物检验检疫的主要内容包括:植物有害生物风险分析、植物检疫法规、进出境植物和植物产品检验检疫工作程序、植物检验检疫技术、检疫性植物有害生物。
510 1  @aInspection & quarantine science of animal & plant@zeng
606 0  @a动物检疫@j教材
606 0  @a植物检疫@j教材
690    @aS851.34@v5
690    @aS41@v5
701  0 @a励建荣@9li jian rong@4主编
801  0 @aCN@b91MARC@c20180513
905    @aMuseLib@dS851.34@e163
    
    动植物检验检疫学/励建荣主编.-北京:科学出版社,2018.01
    337页:图;26cm
    食品科学与工程类系列规划教材 中国科学院科学出版社基金资助项目
    
    ISBN 978-7-03-052725-7:CNY68.00
    本书分为动物检验检疫和植物检验检疫两部分。动物检验检疫的主要内容包括:动物检验检疫概述、进出境动物和动物产品检验检疫工作程序、动物检验检疫技术、动物传染病检疫技术、肉品检验检疫技术、水产品检验检疫技术、乳品检验检疫技术、蛋品检验检疫技术、动物性产品中药物残留检验技术。植物检验检疫的主要内容包括:植物有害生物风险分析、植物检疫法规、进出境植物和植物产品检验检疫工作程序、植物检验检疫技术、检疫性植物有害生物。
●
相关链接 在E读中查询图书 在五车中查询图书 在当当中查询图书 在豆瓣中查询图书


正题名:动植物检验检疫学     索取号:S851.34/163         预约/预借

序号 登录号 条形码 馆藏地/架位号 状态 备注
1 1125361   211253613   第二样本阅览室/ [索取号:S851.34/163] 在馆    
2 1125362   211253622   第三借阅区/ [索取号:S851.34/163] 在馆    
3 1125363   211253631   第三借阅区/ [索取号:S851.34/163] 在馆    
4 1125364   211253640   第三借阅区/ [索取号:S851.34/163] 在馆    
5 1125365   211253659   第三借阅区/ [索取号:S851.34/163] 在馆    
唐山师范学院图书馆 欢迎您!
大连网信软件有限公司© 版权所有